Rheology of NBR-PVC blends and its morphology (Record no. 67082)

MARC details
000 -LEADER
fixed length control field 00389nam a2200133Ia 4500
100 ## - MAIN ENTRY--AUTHOR NAME
Personal name Weiren S
245 #0 - TITLE STATEMENT
Title Rheology of NBR-PVC blends and its morphology
260 ## - PUBLICATION, DISTRIBUTION, ETC. (IMPRINT)
Name of publisher Proceedings of the International Rubber Conference, Kobe, Japan, 1995; p87-90
650 ## - SUBJECT ADDED ENTRY--TOPICAL TERM
Topical Term NBR-PVC blends
650 ## - SUBJECT ADDED ENTRY--TOPICAL TERM
Topical Term Rheology
700 ## - ADDED ENTRY--PERSONAL NAME
Personal name Yuying L
942 ## - ADDED ENTRY ELEMENTS (KOHA)
Koha item type Journals
Holdings
Withdrawn status Lost status Damaged status Not for loan Home library Current library Shelving location Date acquired Koha item type
      Journals RRII Library RRII Library Rubber chemistry 17/12/2021 Journals